Miasta w Polsce z końcówką "-tów" - Nagła Śmierć - Statystyki

Ogólne statystyki
  • Ten quiz został rozwiązany 127 razy
  • Średni wynik to 8 z 12
Answers on the Grid
Answers color-coded by a green-red scale on the quiz's grid according to % correct below.
Augustów
Bełchatów
Bierutów
Bytów
Dyszatów
Fagotów
Kabatów
Klimontów
Korfantów
Kratów
Lewiatów
Lubartów
Lubiatów
Lututów
Opatów
Patów
Piastów
Politów
Saratów
Swatów
Szatów
Trzebiatów
Wielutów
Zamatów
Złotów
 
Statystyki odpowiedzi
Odpowiedź % Poprawnych
Augustów
97%
Bełchatów
93%
Lubartów
78%
Opatów
78%
Bytów
77%
Złotów
67%
Piastów
63%
Trzebiatów
58%
Bierutów
50%
Klimontów
37%
Lututów
30%
Korfantów
27%
Nie znaleziono quizów pasujących do podanych kryteriów
Rozkład punktacji
Procent ludzi z każdym wynikiem
Percentyl według liczby udzielonych odpowiedzi
Twoja historia wyników
Nie rozwiązałeś tego quizu